Prostitution & the law in Pakistan : a case study of Lahore's Hira Mandi /
Saved in:
| Main Author: | |
|---|---|
| Format: | Thesis |
| Language: | English |
| Published: |
London, England :
University of London,
2002
|
| Subjects: | |
| Tags: |
Add Tag
No Tags, Be the first to tag this record!
|
| LEADER | 016100000a22003490004500 | ||
|---|---|---|---|
| 008 | 120111t2002 pk f m 000 0 eng d | ||
| 040 | |a UIAM |b eng | ||
| 043 | |a a-pk--- | ||
| 050 | |a KPL4224 | ||
| 100 | 1 | |a Tak, Rukhsana B. |9 118902 | |
| 245 | 1 | 0 | |a Prostitution & the law in Pakistan : |b a case study of Lahore's Hira Mandi / |c by Ms Rukhsana B. Tak |
| 246 | 3 | 3 | |a Prostitution and the law in Pakistan |
| 260 | |a London, England : |b University of London, |c 2002 | ||
| 300 | |a 470 p. ; |c 30 cm. | ||
| 336 | |2 rdacontent | ||
| 337 | |2 rdamedia | ||
| 338 | |2 rdacarrier | ||
| 500 | |a "Ph.D. dissertation submitted for the degree of Doctor of Philosophy, Faculty of Law, University of London, School of Oriental and African Studies."--On t.p. | ||
| 502 | |a Thesis (Ph.D.)--University of London, 2002. | ||
| 504 | |a Includes bibliographical references (p. 395-458). | ||
| 650 | 0 | |a Prostitutes |x Legal status, laws, etc. |z Pakistan Lahore |9 118903 | |
| 650 | 0 | |a Prostitution |x Law and legislation |z Pakistan Lahore |9 118904 | |
| 650 | 0 | |a Sex and law |z Pakistan |9 118905 | |
| 650 | 0 | |a Criminal law (Islamic law) |z Pakistan |9 88338 | |
| 650 | 0 | |a Women |x Social conditions |z Pakistan Lahore |9 118906 | |
| 651 | 0 | |a Shahi Mahallah (Lahore, Pakistan) |x Social life and customs |9 118907 | |
| 651 | 0 | |a Lahore (Pakistan) |x Social life and customs |9 118908 | |
| 655 | 0 | 7 | |a Theses, Facsimile edition (Islamic) |
| 900 | |a hj-rose-his | ||
| 942 | |2 lcc |n 0 | ||
| 999 | |c 434599 |d 463411 | ||
| 952 | |0 0 |6 TI KPL004224 T136P 2002 |7 0 |8 THESES |9 756695 |a IIUM |b IIUM |c MULTIMEDIA |g 640.00 |o ti KPL 4224 T136P 2002 |p 00011202334 |r 2017-10-23 |t 1 |v 640.00 |y THESIS | ||
